000 00718nam a2200229Ia 4500
001 8845
003 GE_BSU
008 181216s||||||||xx |||||||||||||| ||und||
040 _cGE_BSU
080 _a821.353.1-32
100 _aკანდელაკი,ნანა
245 _aის ერთი წელი
245 _bმოთხრობა
245 _cრედ:ვ.ჯავახაძე,მხატვ:თ.კარბელაშვილი
260 _aთბილისი
260 _bსაბჭ.საქართველო
260 _c1967
300 _a176გვ,17სმ
653 _aის ერთი წელი
653 _aმოთხრობა
942 _cBK
999 _c42152
_d42152